000 00672nam a2200205 i 4500
001 33947
003 ES-MaACL
005 20230906154840.0
007 t|
008 030203s1984 sp ||||1| spa d
100 1 _aBlasco, Sigfrido.
_929377
245 1 0 _a¡Cuidado con el de los cuernos!
_b: tres mujeres y el diablo (comedia vodevilesca en dos actos y varios cuadros) /
_cSigfrido Blasco y Adrián Ortega.
260 _a[Madrid :
_bPreyson,
_c1984]
300 _a94 p. ;
_c15 cm.
490 1 _aArte escénico ;
_v28
700 1 _aOrtega, Adrián.
_987389
830 0 _aArte escénico ;
_v28
_9180796
852 _aES-MaACL
_jF-6017
_bR.106834
999 _c33947
_d33947